000 00703nam a2200229 i 4500
001 bgj
100 1 _aDI VESTA, Francis J.
245 1 0 _aEducational psychology :
_binstruction and behavioral change /
_cFrancis J. Di Vesta, George G. Thompson.
260 _aNew York :
_bAppleton-Century-Crofts,
_cc. 1970.
300 _aXII, 718 pp :
_bfig. ;
_c25 cm.
490 1 _aThe century psychology
504 _aBibliography p. 665-703.
505 _aIncludes subject index.
650 9 _aEducational psychology
700 1 _aTHOMPSON, George G.
830 _aThe century psychology
020 _ahbk
040 _cBPK
041 0 _aeng
942 _cKS
008 s uk f |000 0 eng
999 _c47251
_d47251
856 _uhttp://koha.tu.koszalin.pl/cgi-bin/koha/opac-detail.pl?biblionumber=47251
_yKatalog online BPK